Ranchangan kerja bagi Hutan Simpan Paya Laut, Matang, Perak : (pindaan yang kedua 1969)

Bibliographic Details
Main Author: MOHD. Darus bin Haji Mahmud
Format: Book
Published: Perak : Pejabat Hutan Negaeri Perak , 1969
Subjects:

MARC

LEADER 00000cam a2200000 7i4500
001 0000001721
005 20011105.0
090 0 0 |a 634.9209595114   |b MOH 1969 
100 0 0 |a MOHD. Darus bin Haji Mahmud 
245 1 0 |a Ranchangan kerja bagi Hutan Simpan Paya Laut, Matang, Perak :   |b (pindaan yang kedua 1969) 
260 0 0 |a Perak :   |b Pejabat Hutan Negaeri Perak ,   |c 1969 
300 |a x, 134 p. :   |b tables ;   |c 32 cm. 
650 0 0 |a Forest reserves   |z Perak   |z Matang 
650 0 0 |a Mangrove swamps   |z Perak   |z Matang 
651 0 0 |a Hutan Simpan Paya Laut Matang, Perak 
998 |a JPSM 
999 |a 0000002804   |b Monograph   |c Open Shelf   |e Default branch